000 00270 a2200121 4500
999 _c12232
_d12232
008 231110b ||||| |||| 00| 0 eng d
020 _a9788957704554
082 _a728.09051
100 _aArchi
245 _aTA-5 Residence
260 _bArchiworld
_c2013
942 _2ddc